|
|
|
|
| LEADER |
00000nam0a2200000 4500 |
| 001 |
44002 |
| 005 |
20231031021742.0 |
| 010 |
|
|
|a 5222013995
|
| 035 |
|
|
|a (RuTPU)RU\TPU\book\45631
|
| 090 |
|
|
|a 44002
|
| 100 |
|
|
|a 20021104d2000 m y0rusy50 ca
|
| 101 |
0 |
|
|a rus
|
| 102 |
|
|
|a RU
|
| 105 |
|
|
|a y z 000zy
|
| 200 |
1 |
|
|a Гальванические покрытия
|f Ю. Г. Синдеев
|
| 210 |
|
|
|a Ростов-на-Дону
|c Феникс
|d 2000
|
| 215 |
|
|
|a 256 с.
|
| 225 |
1 |
|
|a Для дома и заработка
|
| 320 |
|
|
|a Библиогр.: с. 249 (4 назв.)
|
| 610 |
1 |
|
|a техническая электрохимия
|
| 610 |
1 |
|
|a гальванические покрытия
|
| 610 |
1 |
|
|a гальванотехника
|
| 610 |
1 |
|
|a поверхности
|
| 610 |
1 |
|
|a подготовка
|
| 610 |
1 |
|
|a химическое окрашивание
|
| 610 |
1 |
|
|a металлы
|
| 610 |
1 |
|
|a патинирование
|
| 610 |
1 |
|
|a алюминий
|
| 610 |
1 |
|
|a сплавы
|
| 610 |
1 |
|
|a оксидирование
|
| 610 |
1 |
|
|a химическое покрытие
|
| 610 |
1 |
|
|a химическое полирование
|
| 610 |
1 |
|
|a электрохимическое полирование
|
| 610 |
1 |
|
|a диэлектрики
|
| 610 |
1 |
|
|a металлизация
|
| 610 |
1 |
|
|a гальванопластика
|
| 610 |
1 |
|
|a техника безопасности
|
| 675 |
|
|
|a 621.35
|v 3
|
| 700 |
|
1 |
|a Синдеев
|b Ю. Г.
|g Юрий Георгиевич
|
| 801 |
|
1 |
|a RU
|b 63413507
|c 20021104
|g PSBO
|
| 801 |
|
2 |
|a RU
|b 63413507
|c 20040116
|g PSBO
|
| 942 |
|
|
|c BK
|